| 000 | 00630nam a2200205 a 4500 | ||
|---|---|---|---|
| 005 | 20230218063634.0 | ||
| 008 | 160226s2000 mx r 000 0 spa d | ||
| 035 | _aUPN01000208466 | ||
| 049 | _aUNE | ||
| 050 | 4 |
_aHM1271 _bS4.5 |
|
| 111 | 2 |
_aSéminaire International Le Dialogue Interculturel et ses Nouveaux Enjeux _d(2006 : _cParis) |
|
| 245 | 1 | 0 | _aActes du séminaire international. |
| 260 |
_aParis : _bUNESCO, _ec2008. |
||
| 300 |
_a125 p. : _bil. |
||
| 650 | 4 |
_aMulticulturalismo _95798 |
|
| 650 | 2 |
_aComunicación intercultural _911458 |
|
| 650 | 4 |
_aPluralismo cultural _947427 |
|
| 905 | _aLibro | ||
| 999 |
_c180567 _d180567 |
||